000
00197nam a2200085 4500
001
1255675
005
20251211123058.0
245
_a
BEN VINCENT VE KORKMUYORUM
_c
ENNE KOENS
260
_b
TİMAŞ YAYINLARI
999
_c
1255675
_d
1255675